000 00418cam a22001457a 4500
008 180718b1982 xxu||||| |||| 00| 0 eng d
020 _a0860957039
082 _aW2x4 Y86
245 _aUrban transport future
_cedited by Tony young And Roy Cresswell
260 _aLondon
_bConstruction
_c1982
300 _axii,202p
650 _aUrban transportation --Congresses.
700 _aCresswell, Roy
700 _aYoung, Tony
999 _c411535
_d411535